[Event "18th Graz Open"]
[Site "Graz AUT"]
[Date "2011.08.29"]
[Round "3"]
[White "Koscak,Jan"]
[Black "Spindelboeck,G"]
[Result "0-1"]
[WhiteElo "1783"]
[BlackElo "2235"]

1.d4 Nf6 2.Nf3 e6 3.c4 b6 4.a3 Bb7 5.Nc3 Be7 6.d5 O-O 7.e4 d6 8.Bd3 Nbd7
9.b4 e5 10.O-O Nh5 11.g3 g6 12.Ne1 Bg5 13.Be2 Bxc1 14.Rxc1 Ng7 15.Nd3 f5
16.f4 Qe7 17.fxe5 Nxe5 18.Nf4 a6 19.Qd2 Rae8 20.exf5 Rxf5 21.Rce1 Qd8 22.Bd3 Nxd3
23.Qxd3 Bc8 24.Re2 Rfe5 25.Rfe1 Bf5 26.Qd2 Qg5 27.a4 Nh5 28.Kf2 Nf6 29.Ne6 Ng4+
30.Kf1 Qxd2 31.Rxd2 Bxe6 32.Rxe5 Nxe5 33.dxe6 Rxe6 34.Re2 Rf6+ 35.Kg2 Nxc4
36.Nd5 Rf7 37.Re8+ Kg7 38.Rc8 c5 39.Rc6 Rb7 40.Kf2 Kf7 41.Ne3 Nxe3 42.Kxe3 cxb4
43.Rxd6 a5 44.h4 b5 45.Rd5 bxa4 46.Rxa5 b3 47.Kd4  0-1

[Event "10th Sunny Beach Open"]
[Site "Sunny Beach BUL"]
[Date "2011.08.30"]
[Round "4.60"]
[White "Kirchev,K"]
[Black "Svoboda,Frantisek"]
[Result "0-1"]
[WhiteElo "2058"]
[BlackElo "1775"]

1.d4 Nf6 2.Nf3 e6 3.c4 b6 4.a3 Bb7 5.Bg5 Be7 6.e3 O-O 7.Bd3 Ne4 8.Bf4 d6
9.Nbd2 f5 10.Qc2 Nxd2 11.Qxd2 g5 12.Bg3 g4 13.Qe2 gxf3 14.gxf3 Kh8 15.O-O-O Bg5
16.f4 Bxh1 17.fxg5 Be4 18.h4 Bxd3 19.Rxd3 Qe7 20.Qf3 Nd7 21.Qc6 Rac8 22.f4 Rfd8
23.e4 Nb8 24.Qb7 a6 25.Re3 Qd7 26.exf5 exf5 27.Qf3 Re8 28.Rc3 Re4 29.h5 Rxd4
30.g6 Qg7 31.Bf2 Re4 32.Qh3 Rxf4 33.Be3 Rg4 34.Bd2 Re8 35.Qf1 hxg6 36.Rf3 Kg8
37.h6 Qd4 38.Bc3 Qg1  0-1

[Event "18th Graz Open"]
[Site "Graz AUT"]
[Date "2011.08.31"]
[Round "5"]
[White "Tomazini,A"]
[Black "Almer,G"]
[Result "1-0"]
[WhiteElo "2304"]
[BlackElo "2116"]

1.d4 Nf6 2.Nf3 e6 3.c4 b6 4.a3 Bb7 5.Nc3 Be7 6.d5 d6 7.e4 e5 8.Bd3 Nbd7 9.b4 O-O
10.O-O Re8 11.g3 Bf8 12.Bg5 h6 13.Be3 Bc8 14.h3 Be7 15.Kg2 Nh7 16.Nd2 g5
17.Nb3 Ndf8 18.Rc1 Ng6 19.c5 Rf8 20.Qc2 Nf4+ 21.Bxf4 gxf4 22.g4 Bh4 23.f3 Bg3
24.Rh1 h5 25.Ne2 Bh4 26.cxd6 cxd6 27.Qc6 Rb8 28.Qc7 Bb7 29.Qxd8 Bxd8 30.Rc2 a6
31.Rhc1 Nf6 32.Nd2 b5 33.Nb3 Bb6 34.Rc3 Rfc8 35.Rxc8+ Rxc8 36.Ra1 Nd7 37.a4 bxa4
38.Rxa4 Nb8 39.Na5 Bxa5 40.Rxa5 Kg7 41.Kf2 Kf6 42.Ra1 h4 43.Ra5 Ke7 44.Ke1 Kd8
45.Kd2 Rc7 46.Nc3 Bc8 47.Kc2 Ke7 48.Kb3 Rb7 49.Na4 Rc7 50.Nb6 Bb7 51.Nc4 Bc8
52.Ra1 f6 53.Na5 Bd7 54.Kb2 Kd8 55.Rg1 Ke7 56.Bf1 Rc8 57.Be2 Rc7 58.Ra1 Kd8
59.Bd3 Ke7 60.Bf1 Kd8 61.Nc4 Rb7 62.Nxd6 Rxb4+ 63.Kc3 Rb6 64.Nc4 Rb7 65.Na5 Rb6
66.Nb3 Bc8 67.Nc5 Kc7 68.Ra5 Rd6 69.Bd3 Kb6 70.Kb4 Ka7 71.Ra2 Rb6+ 72.Ka5 Bd7
73.Rc2 Bb5 74.Bxb5 Rxb5+ 75.Ka4 Rb1 76.Ne6 Kb6 77.Rc8 Nd7 78.Rc6+ Ka7 79.Ka5 Ra1+
80.Kb4 Rb1+ 81.Ka3 Rb6 82.Rc8 Rb8 83.Rc7+ Rb7 84.Rc6 Rb6 85.Rc1 Rb5 86.Rc8 Rb8
87.Rxb8 Kxb8 88.Kb4 Kb7 89.Ng7 Kb6 90.Nf5 Nc5 91.Nxh4 Nd3+ 92.Kc4 Nf2 93.g5 fxg5
94.Ng6 Nxh3 95.Nxe5 Ng1 96.d6 Nxf3 97.Nxf3 g4 98.Ne5 g3 99.Nf3 g2 100.e5 Kc6
101.Kb4 Kd5 102.d7 Ke4 103.Ng1 f3 104.d8=Q f2 105.Qa8+  1-0

[Event "18th Graz Open"]
[Site "Graz AUT"]
[Date "2011.09.02"]
[Round "7"]
[White "Tomazini,A"]
[Black "Spindelboeck,G"]
[Result "1-0"]
[WhiteElo "2304"]
[BlackElo "2235"]

1.d4 Nf6 2.Nf3 e6 3.c4 b6 4.a3 Bb7 5.Nc3 d5 6.cxd5 Nxd5 7.Qc2 Be7 8.e4 Nxc3
9.bxc3 O-O 10.Bd3 c5 11.O-O Qc8 12.Qe2 Ba6 13.Rd1 Bxd3 14.Rxd3 cxd4 15.cxd4 Nd7
16.e5 Qc4 17.Bg5 Bxg5 18.Nxg5 h6 19.Ne4 Rad8 20.Rad1 Qd5 21.f4 f6 22.Rg3 f5
23.Nd6 Nb8 24.Qh5 Rxd6 25.exd6 Qxd6 26.Qxh6 Rf7 27.d5 Qc5+ 28.Kh1 exd5 29.Qh5 Nd7
30.Rh3 Kf8 31.Qh8+ Ke7 32.Re1+ Kd6 33.Qe8 Rf6 34.Qe7+ Kc7 35.Qxg7 d4 36.Rd3 Qc6
37.Rxd4 Rg6 38.Rxd7+  1-0

[Event "VII Ugra Governor's Cup"]
[Site "Khanty-Mansiysk RUS"]
[Date "2011.09.02"]
[Round "3"]
[White "Sukhareva,E"]
[Black "Kitaev,Ilya"]
[Result "1-0"]
[WhiteElo "2180"]
[BlackElo "1898"]

1.d4 Nf6 2.c4 e6 3.Nf3 b6 4.a3 Bb7 5.Nc3 d5 6.cxd5 Nxd5 7.Qc2 c5 8.e4 Nxc3
9.bxc3 Nc6 10.Be3 cxd4 11.cxd4 Rc8 12.Qa2 Be7 13.d5 exd5 14.exd5 Na5 15.Bb5+ Kf8
16.Rd1 Bd6 17.O-O a6 18.Be2 f6 19.Nd4 Bxd5 20.Ne6+ Bxe6 21.Qxe6 Rc6 22.Bf4 Nb7
23.Bf3 Nc5 24.Bxd6+  1-0

[Event "TCh-SRB Premier Women"]
[Site "Valjevo SRB"]
[Date "2011.09.04"]
[Round "9.5"]
[White "Manakova,M"]
[Black "Zarkovic,M"]
[Result "1/2-1/2"]
[WhiteElo "2314"]
[BlackElo "2015"]

1.d4 Nf6 2.c4 e6 3.Nf3 b6 4.a3 Ba6 5.Qc2 Bb7 6.Nc3 c5 7.e4 cxd4 8.Nxd4 Bc5
9.Nb3 Nc6 10.Bg5 h6 11.Bh4 Nd4 12.Nxd4 Bxd4 13.Bd3 Be5 14.Bg3 Bxg3 15.hxg3 d6
16.Rd1 Qe7 17.Qa4+ Qd7 18.Qxd7+ Kxd7 19.Bc2 Ke7 20.O-O Rac8 21.b3 Rhd8 22.Rfe1 a6
23.a4 Kf8 24.Re2 Bc6 25.Red2 Ke7 26.f3 Ne8 27.Bd3 a5 28.Rb2 Nc7 29.b4 Ba8
30.bxa5 bxa5 31.Rb6 Rb8 32.Rdb1 Rxb6 33.Rxb6 d5 34.cxd5 exd5 35.e5 d4 36.Nb5 Nd5
37.Ra6 Nb4 38.Ra7+ Rd7 39.Rxd7+ Kxd7 40.Bf5+ Ke7 41.Nxd4 Bd5 42.f4 f6 43.exf6+ Kxf6
44.Bd7 Ke7 45.Bb5 g6 46.g4 Kd6 47.Be8 Kc5 48.Ne2 Bb3 49.f5 gxf5 50.gxf5 Nd5
51.Bf7 Bxa4 52.Bxd5 Kxd5 53.Nc3+ Ke5 54.Nxa4 Kxf5 55.Kf2 Kg4 56.Nc3 h5 57.Na4 h4
58.Nb2 h3 59.gxh3+ Kxh3  1/2-1/2

[Event "TCh-SRB Premier Women"]
[Site "Valjevo SRB"]
[Date "2011.09.06"]
[Round "11.4"]
[White "Manakova,M"]
[Black "Bojkovic,N"]
[Result "1-0"]
[WhiteElo "2314"]
[BlackElo "2378"]

1.d4 Nf6 2.c4 e6 3.Nf3 b6 4.a3 Bb7 5.Nc3 d5 6.cxd5 Nxd5 7.Qc2 Nxc3 8.bxc3 Be7
9.e4 Nd7 10.Bd3 c5 11.O-O Qc7 12.Qe2 O-O 13.Bb2 Rac8 14.a4 Rfd8 15.Rad1 Nf8
16.h4 Ng6 17.g3 Nf8 18.Bc1 Bc6 19.Bg5 Re8 20.Bb5 Bd6 21.dxc5 bxc5 22.e5 Be7
23.Bxc6 Qxc6 24.Bxe7 Rxe7 25.Rd6 Qb7 26.Ng5 h6 27.Ne4 Qb3 28.Qa6 Rb8 29.Qc6 Qc2
30.Rd2 Qb3 31.Qxc5 Rd7 32.Rd6 Qc2 33.Qd4 Rdb7 34.Kg2 Rc7 35.Rd1 Rbc8 36.Rd2 Qb1
37.Qb4 Qe1 38.Rd8 Kh7 39.Rxc8 Rxc8 40.h5 Kg8 41.Rd4 Nh7 42.Qb7 Rf8 43.Qxa7 Ng5
44.Nxg5 hxg5 45.Qc7 Qe2 46.Rd8 Qe4+ 47.Kh2 Rxd8 48.Qxd8+ Kh7 49.Qxg5 Qxa4
50.Qf4 Qa7 51.Qe4+ Kg8 52.Qd4 Qa1 53.Qd8+ Kh7 54.Qc7 Kg8 55.Qc6 Kh7 56.Qe4+ Kg8
57.c4 Qf1 58.Qf4 Qe2 59.g4 Qc2 60.Kg2 Qc3 61.Qe4 Qc1 62.Qd4 Kh7 63.c5 Kg8
64.Qd8+ Kh7 65.Qd3+ Kg8 66.Qe3 Qc4 67.f3 Qc2+ 68.Kg3 Qc4 69.g5 Qc2 70.h6 Qc4
71.Qa3 gxh6 72.gxh6 Kh7 73.Qe3 Qf1 74.c6 Kg8 75.c7  1-0

[Event "Yuzhny Open"]
[Site "Yuzhny UKR"]
[Date "2011.09.06"]
[Round "6.13"]
[White "Bylino,O"]
[Black "Plaksin,V"]
[Result "1/2-1/2"]
[WhiteElo "2062"]
[BlackElo "2189"]

1.Nf3 Nf6 2.d4 e6 3.c4 b6 4.a3 Bb7 5.Nc3 Be7 6.d5 d6 7.Nd4 c5 8.Nc2 exd5
9.cxd5 b5 10.e4 a6 11.Be2 Nfd7 12.O-O Bf6 13.Bd2 Nb6 14.Ne3 N8d7 15.Ng4 Bd4
16.Qc2 Qe7 17.Kh1 O-O 18.Rae1 Rac8 19.Ne3 g6 20.Bg4 b4 21.Na4 Nxa4 22.Qxa4 Rc7
23.Bxd7 Qxd7 24.Qxd7 Rxd7 25.axb4 Bxb2 26.bxc5 dxc5 27.Nc4  1/2-1/2

[Event "Paignton Ron Bruce Premier"]
[Site "Paignton ENG"]
[Date "2011.09.08"]
[Round "5"]
[White "Arkell,K"]
[Black "Berry,S"]
[Result "1-0"]
[WhiteElo "2409"]
[BlackElo "2320"]

1.d4 Nf6 2.Nf3 e6 3.c4 b6 4.a3 Bb7 5.Nc3 d5 6.cxd5 exd5 7.Bg5 Be7 8.e3 O-O
9.Be2 Nbd7 10.O-O Ne4 11.Bxe7 Qxe7 12.Rc1 c5 13.dxc5 Nxc3 14.Rxc3 bxc5 15.b4 c4
16.Nd4 Rfd8 17.Qa4 Qf6 18.Rcc1 Ne5 19.Rfd1 Bc8 20.Qa5 Be6 21.f4 Ng6 22.g3 Ne7
23.e4 Bh3 24.e5 Qg6 25.Bf3 Bg4 26.Bxg4 Qxg4 27.b5 Ng6 28.Qd2 h6 29.a4 Rac8
30.Nc6 Rd7 31.Rxc4 Nh4 32.Qd3 Nf3+ 33.Kf2 Nxh2 34.Rc2 Qh3 35.Kg1  1-0

[Event "TCh-POL 1st League"]
[Site "Mrzezyno POL"]
[Date "2011.09.09"]
[Round "7"]
[White "Nguyen,P"]
[Black "Pieniazek,Ar"]
[Result "1-0"]
[WhiteElo "2368"]
[BlackElo "2362"]

1.d4 Nf6 2.c4 e6 3.Nf3 b6 4.a3 Bb7 5.Nc3 d5 6.cxd5 Nxd5 7.Qc2 Be7 8.e4 Nxc3
9.bxc3 O-O 10.Bd3 c5 11.O-O cxd4 12.cxd4 Nc6 13.Bb2 Rc8 14.Qe2 Bf6 15.Rad1 Na5
16.h4 Bxh4 17.d5 exd5 18.exd5 Bf6 19.Ne5 Qd6 20.Nd7 Bxb2 21.Nxf8 Be5 22.Nxh7 Bh2+
23.Kh1 Qh6 24.Ng5 Bd6+ 25.Nh3 Bxd5 26.Bh7+ Qxh7 27.Rxd5 Bxa3 28.Rfd1 Qh4
29.R1d4 Qf6 30.Ng5 Qh6+ 31.Kg1 Nc6 32.Rd3 Bf8 33.Nxf7 Kxf7 34.Rf5+ Kg8 35.Qa2+ Kh7
36.Rh3 Qxh3 37.gxh3 Ne7 38.Re5 Rc5 39.Rxc5 bxc5 40.Qc2+ Kh6 41.Qxc5 Ng6 42.Qe3+ Kh5
43.f4 Bd6 44.Qe2+ Kh6 45.f5 Bc5+ 46.Kf1 Nh4 47.Qe5 Bb6 48.Qf4+  1-0

[Event "5th ch-Euro IBCA"]
[Site "Rhodes GRE"]
[Date "2011.09.13"]
[Round "7.12"]
[White "Heinich,M"]
[Black "Krylov,Sergey1"]
[Result "1/2-1/2"]
[WhiteElo "2079"]
[BlackElo "2352"]

1.d4 Nf6 2.c4 e6 3.Nf3 b6 4.a3 Be7 5.Nc3 d5 6.cxd5 exd5 7.Bg5 O-O 8.e3 c5
9.dxc5 bxc5 10.Bxf6 Bxf6 11.Nxd5 Bxb2 12.Ra2 Be6 13.Rxb2 Bxd5 14.Be2 Qa5+
15.Rd2 Nc6 16.O-O Be4 17.Qc1 Rac8 18.Rfd1 h6 19.h3 Rfe8 20.Rd6 Bxf3 21.Bxf3 Ne5
22.Be2 c4 23.R6d5 Rc5 24.Rxc5 Qxc5 25.Qc3 g5 26.Kh1 Rb8 27.Rc1 Kf8 28.f4 gxf4
29.exf4 Ng6 30.Qxc4 Qxc4  1/2-1/2

[Event "2nd Livigno Open A"]
[Site "Livigno ITA"]
[Date "2011.09.15"]
[Round "6.8"]
[White "Mirzoev,A"]
[Black "Timoshenko,G"]
[Result "1/2-1/2"]
[WhiteElo "2468"]
[BlackElo "2572"]

1.d4 Nf6 2.Nf3 e6 3.c4 b6 4.a3 Bb7 5.Nc3 d5 6.Bg5 Be7 7.Qa4+ Qd7 8.Qb3 Nc6
9.cxd5 Nxd5 10.Bxe7 Ncxe7 11.e3 O-O 12.Bb5 c6  1/2-1/2

[Event "24th Moratalaz Open"]
[Site "Madrid ESP"]
[Date "2011.09.18"]
[Round "4.3"]
[White "Solaesa Navalpotro,L"]
[Black "Rubio Mejia,L"]
[Result "0-1"]
[WhiteElo "2264"]
[BlackElo "2433"]

1.d4 Nf6 2.Nf3 e6 3.c4 b6 4.a3 Ba6 5.Qc2 Bb7 6.Nc3 c5 7.e4 cxd4 8.Nxd4 Bc5
9.Nb3 Nc6 10.Bf4 e5 11.Bg5 h6 12.Bh4 a6 13.f3 Nd4 14.Nxd4 Bxd4 15.Bf2 Bxf2+
16.Qxf2 O-O 17.Bd3 d6 18.O-O Rc8 19.Rac1 Nd7 20.b4 Re8 21.Rfd1 Nf8 22.Nd5 Rc6
23.Bc2 Rxc4 24.Nxb6 Rc7 25.Ba4 Rxc1 26.Rxc1 Re7 27.Nd5 Bxd5 28.exd5 e4 29.fxe4 Rxe4
30.Re1 Rxe1+ 31.Qxe1 Qf6 32.Qe3 Ng6 33.g3 Qa1+ 34.Kg2 Ne5 35.Bc6 Qb2+ 36.Kf1 g6
37.Bb7 Ng4 38.Qe2 Nxh2+ 39.Ke1 Qa1+ 40.Kf2 Qxa3 41.Bc8 h5 42.Kg2 Ng4 43.Bxg4 hxg4
44.Qxg4 Qa2+ 45.Kh3 Qxd5 46.Qc8+ Kg7 47.Qxa6 Qh1+ 48.Kg4 f5+  0-1

[Event "ch-Euro Youth b18"]
[Site "Albena BUL"]
[Date "2011.09.20"]
[Round "9.1"]
[White "Grandelius,N"]
[Black "Moiseenko,Va"]
[Result "1/2-1/2"]
[WhiteElo "2536"]
[BlackElo "2422"]

1.d4 Nf6 2.c4 e6 3.Nf3 b6 4.a3 Bb7 5.Nc3 d5 6.cxd5 exd5 7.Qa4+ c6 8.Bg5 Be7
9.e3 O-O 10.Bd3 Nbd7 11.O-O Ne4 12.Bf4 f5 13.Ne5 Nxe5 14.Bxe5 Bd6 15.Bxd6 Nxd6
16.Ne2 Rf6 17.Rac1 Ne4 18.b4 a6 19.Qc2 Qe7 20.Rce1 Raf8 21.f3 Nd6 22.Ng3 g6
23.Qe2  1/2-1/2

[Event "TCh-Central Serbia 2011"]
[Site "Kraljevo SRB"]
[Date "2011.09.22"]
[Round "8.3"]
[White "Nestorovic,De"]
[Black "Rajkovic,Du"]
[Result "1/2-1/2"]
[WhiteElo "2390"]
[BlackElo "2415"]

1.d4 Nf6 2.c4 e6 3.Nf3 b6 4.a3 Ba6 5.Qc2 Bb7 6.Nc3 c5 7.e4 cxd4 8.Nxd4 Bc5
9.Nb3 Nc6 10.Nxc5 bxc5 11.Be3 Nd4 12.Bxd4 cxd4 13.Nb5 Qb8 14.Bd3 O-O 15.O-O Ng4
16.g3 Qe5 17.Qe2 f5 18.f4 Qb8 19.e5 Bc6 20.c5 a5 21.Nxd4 Bd5 22.h3 Nh6 23.Bb5 Qa7
24.Rac1 Rfc8 25.b4 axb4 26.axb4 Qa3 27.Qe1 Rcb8 28.Qc3 Qxc3 29.Rxc3 Ra2 30.Rf2 Ra1+
31.Rf1 Ra2 32.Rf2 Ra1+  1/2-1/2

[Event "TCh-Central Serbia 2011"]
[Site "Kraljevo SRB"]
[Date "2011.09.25"]
[Round "11.2"]
[White "Ratkovic,Miloj"]
[Black "Lapcevic,M"]
[Result "1/2-1/2"]
[WhiteElo "2135"]
[BlackElo "2420"]

1.d4 Nf6 2.Nf3 e6 3.c4 b6 4.a3 Ba6 5.e3 Be7 6.Bd3 O-O 7.O-O d5 8.Nbd2 Nbd7
9.Re1 c5 10.b4 Bb7 11.Bb2 Ne4 12.Qe2 a6 13.Red1 Bf6 14.Nf1 Qe7 15.Ne5 Rfd8
16.Nxd7 Rxd7 17.Bxe4 dxe4 18.dxc5 Bxb2 19.Rxd7 Qxd7 20.Rd1 Qc7 21.Qxb2 bxc5
22.Qd2 Kf8 23.Ng3 Rc8 24.Ne2 a5 25.Nc3 Bc6 26.Nb5 Qb6 27.Qd6+ Ke8 28.a4 Rd8
29.Qxd8+ Qxd8 30.Rxd8+ Kxd8 31.Kf1  1/2-1/2

[Event "Tatry Open"]
[Site "Tatranske Zruby SVK"]
[Date "2011.09.29"]
[Round "6.56"]
[White "Jedlicka,A"]
[Black "Spurny,A"]
[Result "1-0"]
[WhiteElo "2262"]
[BlackElo "1938"]

1.d4 Nf6 2.c4 e6 3.Nf3 b6 4.a3 Bb7 5.Nc3 Be7 6.d5 O-O 7.g3 exd5 8.cxd5 a5
9.Bg2 Re8 10.O-O Na6 11.Nd4 Nc5 12.b3 Rb8 13.b4 axb4 14.axb4 Na6 15.d6 Bxg2
16.dxe7 Qxe7 17.Kxg2 Nxb4 18.Ba3 c5 19.Bxb4 cxb4 20.Ncb5 Nd5 21.Qb3 Qe4+
22.Kg1 Nc3 23.Nxc3 Qxd4 24.Nd5 Rxe2 25.Rad1 Qg4 26.Ne3 Qf3 27.Rxd7 Re8 28.Qd5 Qxd5
29.Rxd5 b3 30.Rb5 Rb2 31.Rxb6 Rc8 32.Rd1 h5 33.Kg2 Rc3 34.Kf3 g5 35.Rd8+ Kg7
36.Ke4 Re2 37.Kd4 Rd2+ 38.Kxc3 Rxd8 39.Rxb3 Kg6 40.Rb6+ f6 41.h3 Ra8 42.Nd5 Ra3+
43.Kd2 Rf3 44.Ke2 g4 45.Nf4+ Kf5 46.Rb5+ Ke4 47.Rxh5 Ra3 48.Rd5 f5 49.hxg4 fxg4
50.Rd2 Ra5 51.Ng2 Kf5 52.Ne3+ Kg6 53.Nxg4 Kg5 54.Ne3 Ra8 55.f4+ Kg6 56.Rd6+ Kf7
57.g4 Rh8 58.g5 Rh2+ 59.Kd3 Rh1 60.g6+  1-0

[Event "Tatry Open"]
[Site "Tatranske Zruby SVK"]
[Date "2011.09.30"]
[Round "7.43"]
[White "Koci,L"]
[Black "Matejov,J"]
[Result "0-1"]
[WhiteElo "1946"]
[BlackElo "2175"]

1.d4 Nf6 2.c4 e6 3.Nf3 b6 4.a3 Bb7 5.Nc3 d5 6.cxd5 Nxd5 7.g3 Nd7 8.Bg2 Be7
9.O-O Nxc3 10.bxc3 O-O 11.Bb2 c5 12.Qd3 Nf6 13.Rfd1 Qc7 14.Rac1 Rfd8 15.e3 Be4
16.Qf1 Rac8 17.Ng5 Bxg2 18.Qxg2 h6 19.Ne4 Nh7 20.f4 cxd4 21.cxd4 Qd7 22.Qe2 Rxc1
23.Rxc1 Rc8 24.Qd2 f5 25.Nf2 Nf6 26.Rc2 Qb7 27.Qc1 Rxc2 28.Qxc2 Kf7 29.Nd3 Bd6
30.Ne5+ Bxe5 31.dxe5 Ne4 32.Bd4 b5 33.Bb2 g6 34.Bd4 h5 35.Qd1 Qc7 36.Kg2 a6
37.Kg1 Ke7 38.Bb2 Qc4 39.Qd4 Qc2 40.Qa7+ Kf8 41.Qb8+ Kg7 42.Qc7+ Qxc7  0-1

[Event "Belgrade Premier League 2011"]
[Site "Belgrade SRB"]
[Date "2011.10.01"]
[Round "1.1"]
[White "Dimic,P"]
[Black "Kocic,S"]
[Result "0-1"]
[WhiteElo "2017"]
[BlackElo "2196"]

1.d4 Nf6 2.Nf3 e6 3.c4 b6 4.a3 Bb7 5.Nc3 d5 6.Bg5 Be7 7.e3 h6 8.Bxf6 Bxf6
9.cxd5 exd5 10.Qb3 O-O 11.Rd1 c6 12.Be2 Na6 13.O-O Re8 14.Qa4 Nc7 15.Rd2 Re7
16.Rc1 Ne8 17.Qd1 Nd6 18.Rdc2 a5 19.b3 Ne4 20.Nxe4 Rxe4 21.Ne1 Be7 22.Ra1 Bd6
23.Bf3 Re6 24.Nd3 Qe7 25.Qc1 Rf6 26.Qb2 h5 27.Rcc1 h4 28.h3 Re8 29.Rd1 Ba6
30.Ne1 Bc7 31.Be2 Rxf2 32.Nd3 Qxe3 33.Nxf2 Bxe2  0-1

[Event "World Amateur Chess Championship"]
[Site "Antalya TUR"]
[Date "2011.10.09"]
[Round "8"]
[White "Savran,S"]
[Black "Aron,Teh Eu Wen"]
[Result "1/2-1/2"]
[WhiteElo "1877"]
[BlackElo "1825"]

1.d4 Nf6 2.Nf3 e6 3.c4 b6 4.a3 Bb7 5.Nc3 Be7 6.Qc2 d5 7.cxd5 exd5 8.Bf4 c6
9.e3 O-O 10.Be2 Nbd7 11.h3 Re8 12.O-O Nf8 13.Ne5 Ne6 14.Bh2 Bf8 15.Rac1 c5
16.Rfd1 Qe7 17.Qb3 Red8 18.Qa2 Rac8 19.Bf3 Ng5 20.Ne2 Nxf3+ 21.Nxf3 Qe4 22.Be5 Bd6
23.Ng3 Qg6 24.Nh4 Qg5 25.Nhf5 Bxe5 26.dxe5 Ne4 27.f4 Nxg3 28.fxg5 Nxf5 29.e4 Ne3
30.Re1 d4 31.e6 Bxe4 32.exf7+ Kh8 33.Qe6 Bd5 34.Qe7 Ra8 35.g6 Rf8 36.Qh4 h6
37.Rxe3 dxe3 38.Re1 Ba2 39.Rxe3 Bb1 40.Qg4 a5 41.Re5 Rad8 42.h4 c4 43.h5 b5
44.Rxb5 a4 45.Re5 Bd3 46.Qf4 Rb8 47.g4 c3 48.bxc3 Rfd8 49.Re1 Be2 50.Rxe2 Rb1+
51.Kg2 Rg1+ 52.Kxg1 Rd1+ 53.Kf2 Rf1+ 54.Ke3 Rf3+ 55.Kd2 Rd3+ 56.Ke1 Rd1+
57.Kf2 Rf1+ 58.Ke3 Rf3+ 59.Kd4 Rxf4+ 60.Kd5 Rd4+ 61.Ke6 Rd6+ 62.Ke7 Rd7+
63.Kf8 Rd8+ 64.Ke7 Rd7+ 65.Ke6 Rd6+ 66.Ke5 Rd5+ 67.Ke4 Rd4+ 68.Ke3 Rd3+ 69.Kxd3  1/2-1/2

[Event "TCh-BEL 2011-12"]
[Site "Belgium BEL"]
[Date "2011.10.09"]
[Round "1.5"]
[White "De Haan,E"]
[Black "Michiels,R"]
[Result "0-1"]
[WhiteElo "2323"]
[BlackElo "2279"]

1.d4 Nf6 2.c4 e6 3.Nf3 b6 4.a3 Be7 5.Nc3 Bb7 6.d5 d6 7.e4 e5 8.Bd3 h6 9.O-O Nbd7
10.b4 Nh5 11.Re1 g5 12.Nd2 Nf4 13.Bf1 g4 14.Nb3 h5 15.Be3 Bc8 16.Rc1 h4 17.c5 a6
18.cxb6 cxb6 19.Bxf4 exf4 20.Nd4 Ne5 21.Nc6 Qd7 22.Na4 Bd8 23.Nxe5 dxe5 24.Rc6 Qa7
25.b5 g3 26.fxg3 hxg3 27.hxg3 Bd7 28.Qa1 f6 29.Qc3 Rb8 30.gxf4 Bxc6 31.Qxc6+ Qd7
32.Rc1 axb5 33.Bxb5 Qxc6 34.Rxc6 Kf8 35.f5 Rh7 36.d6 Ra7 37.Rc3 Ra5 38.Rb3 Rba8
39.Nb2 Rxa3 40.Rb4 Ra1+ 41.Kh2 Rb1 42.Bd3 Re1 43.Na4 Rd1 44.Nb2 Rd2 45.Bc4 Rxd6
46.Bd5 Rb8 47.Nc4 Rd7 48.Rb5 Kg7 49.Na5 Be7 50.Nc6 Rh8+ 51.Kg3 Bc5 52.Rb1 Ra8
53.Kf3 Rc7 54.Ke2 Rac8 55.Nb4 Bxb4 56.Rxb4 Rc2+ 57.Kd1 Rxg2 58.Rxb6 Rcc2
59.Rb7+ Kh6 60.Rf7 Kg5 61.Rg7+ Kf4 62.Rh7 Rh2 63.Rg7 Rcg2  0-1

[Event "TCh-ROU Superliga 2011"]
[Site "Brasov ROU"]
[Date "2011.10.09"]
[Round "2.3"]
[White "Ionescu,Co"]
[Black "Filip,L"]
[Result "1/2-1/2"]
[WhiteElo "2436"]
[BlackElo "2483"]

1.d4 Nf6 2.c4 e6 3.Nf3 b6 4.a3 Bb7 5.Nc3 d5 6.cxd5 Nxd5 7.Qc2 c5 8.dxc5 Bxc5
9.Bg5 f6 10.Bd2 O-O 11.e3 Nd7 12.Be2 Rc8 13.O-O  1/2-1/2

[Event "TCh-ROU Superliga 2011"]
[Site "Brasov ROU"]
[Date "2011.10.13"]
[Round "6.5"]
[White "Jobava,Ba"]
[Black "Timoshenko,G"]
[Result "1-0"]
[WhiteElo "2712"]
[BlackElo "2572"]

1.d4 Nf6 2.c4 e6 3.Nf3 b6 4.a3 Bb7 5.Nc3 d5 6.Qc2 Be7 7.cxd5 exd5 8.Bf4 O-O
9.e3 c5 10.Bd3 Nbd7 11.O-O a6 12.Rad1 Re8 13.dxc5 bxc5 14.Bf5 g6 15.Bh3 Nb6
16.Qb3 Bd6 17.Bg5 Rb8 18.Na4 Nc4 19.Qc2 Kg7 20.Nc3 Nb6 21.e4 dxe4 22.Nd2 Be7
23.Bf4 Bd6 24.Bg5 Be7 25.Ndxe4 Qc7 26.Nxf6 Bxf6 27.Bxf6+ Kxf6 28.a4 Qe5 29.a5 Nd5
30.Nxd5+ Bxd5 31.Qxc5 Be6 32.Qxe5+ Kxe5 33.Rfe1+ Kf6 34.Rd6 Rxb2 35.Rxa6 Ra2
36.g3 Kg7 37.Bxe6 Rxe6 38.Raxe6 fxe6 39.Re5 Kf6 40.f4 h6 41.h4 Ra3 42.Kf2 Ke7
43.h5 gxh5 44.f5 Ra2+ 45.Kf3 Ra3+ 46.Kg2 Kf6 47.fxe6 Ke7 48.Kh3 Ra1 49.Rxh5 Kxe6
50.Rxh6+ Kf5 51.g4+ Kg5 52.Rh5+ Kg6 53.Rc5 Kf6 54.g5+ Kg6 55.Kg4 Ra4+ 56.Kf3 Kf7
57.Re5 Ra1 58.Ke4 Rd1 59.Rf5+ Kg6 60.Rd5 Rc1 61.Kd4 Kf7 62.Rf5+ Ke7 63.g6 Rg1
64.a6 Rg4+ 65.Kc5 Rxg6 66.Kb5 Ke6 67.Rf4 Rg5+ 68.Kb6 Rg6 69.Ra4 Kd5+ 70.Kb5 Rg1
71.a7 Rb1+ 72.Ka6  1-0

[Event "II Oliver Gonzalez Memorial"]
[Site "Madrid ESP"]
[Date "2011.10.13"]
[Round "6.4"]
[White "Valles Moreno,I"]
[Black "Roa Alonso,S"]
[Result "1-0"]
[WhiteElo "2394"]
[BlackElo "2420"]

1.d4 e6 2.c4 Nf6 3.Nf3 b6 4.a3 Bb7 5.Nc3 d5 6.cxd5 exd5 7.Bg5 Be7 8.Qa4+ c6
9.e3 O-O 10.Bd3 h6 11.Bxf6 Bxf6 12.Rd1 c5 13.O-O a6 14.Bb1 Nd7 15.Qc2 g6
16.dxc5 Nxc5 17.Ba2 Bxc3 18.Qxc3 Rc8 19.Qd4 Ne4 20.Ne5 Nf6 21.Rfe1 Qc7 22.e4 Rcd8
23.Rc1 Qd6 24.Nxg6 fxg6 25.e5 Qe6 26.exf6 Qxf6 27.Qxf6 Rxf6 28.Re7 Bc6 29.h4 Kf8
30.Rc7 Rdd6 31.b4 Bd7 32.Ra7 b5 33.Ra8+ Ke7 34.Re1+ Rfe6 35.Rd1 Re2 36.Bb3 d4
37.h5 gxh5 38.Rd3 h4 39.Ra7 Re1+ 40.Kh2 Kd8 41.Rf3 d3 42.Rf8+ Be8 43.Rh8 d2
44.Ra8+ Kd7 45.Rh7+ Re7 46.Ra7+ Kd8 47.Rhxe7 d1=Q 48.Bxd1 Rxd1 49.Rh7  1-0

[Event "Indonesia Open"]
[Site "Jakarta INA"]
[Date "2011.10.14"]
[Round "2.16"]
[White "Surya,W"]
[Black "Bitoon,R"]
[Result "0-1"]
[WhiteElo "2255"]
[BlackElo "2504"]

1.d4 Nf6 2.Nf3 e6 3.c4 b6 4.a3 c5 5.Nc3 cxd4 6.Nxd4 Bb7 7.Bg5 Be7 8.Qc2 h6
9.Bh4 Nc6 10.Nxc6 Bxc6 11.e4 O-O 12.Be2 d5 13.cxd5 exd5 14.Rd1 Rc8 15.e5 Nd7
16.Bg3 Bh4 17.Qf5 Re8 18.f4 Nc5 19.Qg4 Bxg3+ 20.hxg3 d4 21.Bc4 Bd7 22.Qg6 Ne6
23.Bxe6 Rxe6 24.Qd3 dxc3 25.Qxd7 Qxd7 26.Rxd7 cxb2  0-1

[Event "TCh-FIN SM-Liiga 2011-12"]
[Site "Oulu FIN"]
[Date "2011.10.15"]
[Round "3.7"]
[White "Hynninen,J"]
[Black "Jantti,P"]
[Result "1-0"]
[WhiteElo "2165"]
[BlackElo "2105"]

1.d4 Nf6 2.c4 e6 3.Nf3 b6 4.a3 Bb7 5.Nc3 d5 6.cxd5 Nxd5 7.Qc2 Nxc3 8.bxc3 Nd7
9.e4 c5 10.Bd3 Qc7 11.Qb1 g6 12.O-O Bg7 13.Bg5 O-O 14.Bh4 Nf6 15.Bg3 Qe7
16.Be5 Nh5 17.Bxg7 Kxg7 18.Qc1 cxd4 19.cxd4 Rac8 20.Qd2 Rc7 21.a4 Rfc8 22.a5 Rc3
23.axb6 axb6 24.Ra7 Rxd3 25.Qxd3 Bxe4 26.Rxe7 Bxd3 27.Ra1 Kf6 28.Rea7 Rd8
29.g3 Be4 30.Ne5 Rxd4 31.f4 Kf5 32.Rxf7+ Nf6 33.Rxf6+ Kxf6 34.Ra7 Bb7 35.Rxb7 Kf5
36.Rxb6  1-0

[Event "TCh-FIN SM-Liiga 2011-12"]
[Site "Oulu FIN"]
[Date "2011.10.16"]
[Round "4.4"]
[White "Sorsa,N"]
[Black "Saastamoinen,A"]
[Result "1-0"]
[WhiteElo "2214"]
[BlackElo "2164"]

1.d4 Nf6 2.Nf3 e6 3.c4 b6 4.a3 Bb7 5.Nc3 d5 6.Bg5 Be7 7.cxd5 exd5 8.e3 O-O
9.Rc1 Nbd7 10.Bd3 h6 11.Bh4 c6 12.O-O Re8 13.Qc2 Ne4 14.Bxe7 Qxe7 15.Nd2 Nxd2
16.Qxd2 Nf6 17.Rc2 Rad8 18.Qc1 Rd6 19.b4 a6 20.Na4 Qd8 21.Re1 g6 22.Qd1 Kg7
23.Qe2 b5 24.Nc5 Bc8 25.Nb3 Qb6 26.Rec1 Ng8 27.Na5 Bd7 28.Qf3 Rf6 29.Qg3 Ne7
30.Rc5 Re6 31.h3 Qb8 32.Qxb8 Rxb8 33.R5c3 Rb6 34.Nb3 Rd6 35.Ra1 Bc8 36.Nc5 Rb8
37.a4 Kf8 38.Kf1 Ke8 39.f3 f5 40.Kf2 Kd8 41.Rca3 Rf6 42.Be2 Rf7 43.axb5 axb5
44.Ra7 Rf6 45.Ke1 Rd6 46.g3 g5 47.Kd2 Rf6 48.Kc3 f4 49.exf4 gxf4 50.g4 Rd6
51.Bd3 Rf6 52.h4 Rf7 53.Re1 Rg7 54.Re6 h5 55.g5 Ke8 56.Bg6+ Kf8 57.Rf6+ Kg8
58.Bxh5 Nf5 59.Bf7+ Kh8 60.h5 Rxg5 61.Bg6 Kg8 62.Bh7+  1-0

[Event "49th ch-IND NatA"]
[Site "Aurangabad IND"]
[Date "2011.10.20"]
[Round "12"]
[White "Sharma,Di"]
[Black "Narayanan,Sri"]
[Result "1/2-1/2"]
[WhiteElo "2361"]
[BlackElo "2336"]

1.d4 Nf6 2.Nf3 e6 3.c4 b6 4.a3 Bb7 5.Nc3 d5 6.cxd5 Nxd5 7.Qc2 Nxc3 8.bxc3 c5
9.e4 Nc6 10.Bb2 Rc8 11.Qd1 Bd6 12.Bd3 O-O 13.O-O cxd4 14.cxd4 Na5 15.Qe2 Re8
16.h4 g6 17.h5 Bf8 18.hxg6 hxg6 19.Rad1 Bg7 20.g3 Re7 21.Ne5 Nc6 22.Bb5 Nxe5
23.dxe5 Qc7 24.Rc1 Qb8 25.f4 Rec7 26.Rxc7 Qxc7 27.Rc1 Qe7 28.Rxc8+ Bxc8 29.Bd3 Bb7
30.Kg2 Qd7 31.Kf3 Bf8 32.Kg4 Qa4 33.Bc2 Ba6 34.Bd3 Bb7 35.Bc2 Qa5 36.a4 Ba6
37.Qd1 Qb4 38.Bc1 Qc5 39.Kf3 Qc3+ 40.Be3 Bb7 41.Qd2 Qa1 42.Qd1 Qa2 43.g4 Qb2
44.Bd4 Qa3+ 45.Qd3 Qe7 46.Kg3 Bc6 47.Qb3 Qd7 48.Be3 b5 49.a5 b4 50.f5 Bb5
51.fxe6 fxe6 52.Qa2 Bg7 53.Bf4 Qc6 54.Bb3 Kf7 55.Qf2 Qc3+ 56.Kh4 Qxb3 57.Bh6+ Kg8
58.Bxg7 Kxg7 59.Qxa7+ Kg8 60.Qb8+ Kg7 61.Qb7+ Kh8 62.Qxb5 Qe3 63.Qe8+ Kh7
64.Qe7+ Kh8 65.Qxb4 Qh6+ 66.Kg3 Qe3+ 67.Kg2 Qe2+ 68.Kh3 Qe3+ 69.Kg2 Qe2+
70.Kg3 Qe3+  1/2-1/2